000 00497nam a2200169 4500
001 108930
003 ES-MaACL
005 20230906184736.0
007 t|
008 061121s1953 sp r ||||1| spa d
100 1 _aMoore, F. J.
_982809
245 1 0 _aHistoria de la química /
_cpor F. J . Moore.
250 _a1.ª ed. esp. traduc. de la 3.ª ed. ingl.
260 _aBarcelona [etc.] :
_bSalvat,
_c1953.
300 _a436 p. 48 lám. :
_bil ;
_c21 cm.
852 _aES-MaACL
_jD-9153
_bR.34408
999 _c108930
_d108930